महात्मा फुलेंची उद्यमशीलता (Record no. 369940)

MARC details
000 -LEADER
fixed length control field 00455nam a2200145Ia 4500
005 - DATE AND TIME OF LATEST TRANSACTION
control field 20260121165307.0
008 - FIXED-LENGTH DATA ELEMENTS--GENERAL INFORMATION
fixed length control field 260121s9999 xx 000 0 und d
041 ## - LANGUAGE CODE
Language code of text/sound track or separate title mar
100 ## - MAIN ENTRY--PERSONAL NAME
Personal name लांजेकर, जे
245 ## - TITLE STATEMENT
Title महात्मा फुलेंची उद्यमशीलता
250 ## - EDITION STATEMENT
Edition statement 1
260 ## - PUBLICATION, DISTRIBUTION, ETC. (IMPRINT)
Name of publisher, distributor, etc. भारतीय विचार साधना फाउंडेशन
Date of publication, distribution, etc. 2019
300 ## - PHYSICAL DESCRIPTION
Extent 183
650 ## - SUBJECT ADDED ENTRY--TOPICAL TERM
Topical term or geographic name as entry element Genral
Holdings
Withdrawn status Lost status Damaged status Not for loan Home library Current library Date acquired Vendor Cost, normal purchase price Bill number Total Checkouts Full call number Barcode Date last seen Cost, replacement price Bill Date Koha item type Original Barcode
        Manilal Nanavati Vocational Training Institute Pune Manilal Nanavati Vocational Training Institute Pune 25/04/2025 भारतीय विचार साधना फाउंडेशन 147.00 Ho/IN/603   /LAJ/B2146 MNVT-BK-2146 21/01/2026 210.00 18/03/2025 Books B2146